[Event "YUG-ch (Women)"]
[Site "Kladovo"]
[Date "1990.??.??"]
[Round "?"]
[White "Kalevic, Sanja"]
[Black "Vukovic, Angelina"]
[Result "0-1"]
[WhiteElo "2160"]
[BlackElo "2150"]
[PlyCount "80"]
[EventDate "1990.??.??"]
[EventType "tourn"]
[EventRounds "15"]
[EventCountry "YUG"]
[SourceTitle "TD"]
[Source "ChessBase"]
[SourceDate "1994.03.01"]
[SourceVersion "1"]
[SourceVersionDate "1994.03.01"]
[SourceQuality "1"]

1. c4 e5 2. Nc3 Nc6 3. g3 Nf6 4. Bg2 g6 5. e3 Bg7 6. Nge2 0-0 7. d3 d6 8. Nd5 Ne7 9. Nxf6+ Bxf6 10. Nc3 c6 11. 0-0 Rb8 12. Qa4 a6 13. Qa3 Bg7 14. b4 b5 15. Rd1 Qc7 16. cxb5 axb5 17. Bd2 Bg4 18. Rdc1 Qd7 19. Qb3 Be6 20. Qc2 f5 21. Ne2 Rfc8 22. Rab1 Ra8 23. Rb2 Ra6 24. e4 c5 25. Qb1 c4 26. Nc3 cxd3 27. Qxd3 Bc4 28. Qe3 fxe4 29. Nxe4 Nf5 30. Qe1 Ra7 31. Bg5 Rf8 32. Nc3 Nd4 33. Be3 Qf7 34. Qd2 Ra3 35. Kh1 d5 36. f4 Nf3 37. Bxf3 d4 38. Nxb5 dxe3 39. Qd1 Rd3 40. Qe1 Bxb5 0-1

[Event "YUG-ch (Women)"]
[Site "Kladovo"]
[Date "1990.??.??"]
[Round "?"]
[White "Vukovic, Angelina"]
[Black "Markovic, Gordana"]
[Result "1-0"]
[WhiteElo "2150"]
[BlackElo "2230"]
[PlyCount "65"]
[EventDate "1990.??.??"]
[EventType "tourn"]
[EventRounds "15"]
[EventCountry "YUG"]
[SourceTitle "TD"]
[Source "ChessBase"]
[SourceDate "1994.03.01"]
[SourceVersion "1"]
[SourceVersionDate "1994.03.01"]
[SourceQuality "1"]

1. f4 d5 2. Nf3 g6 3. e3 Bg7 4. d4 Nf6 5. Bd3 b6 6. Qe2 c5 7. c3 0-0 8. 0-0 Bb7 9. Bd2 Ne4 10. Be1 Nd7 11. Bh4 Ndf6 12. Ne5 Qd6 13. g4 Nd7 14. Nd2 Nxd2 15. Qxd2 Nxe5 16. dxe5 Qd7 17. Qe2 e6 18. Bf6 c4 19. Bc2 Qc6 20. Qf3 Rab8 21. a4 Qc5 22. Qg3 a6 23. h4 Bxf6 24. exf6 Kh8 25. Rf2 Rg8 26. h5 Rbf8 27. g5 Qc7 28. Rh2 e5 29. fxe5 Re8 30. hxg6 fxg6 31. Kf2 h5 32. Rah1 Qf7 33. Bxg6 1-0

[Event "YUG-Cup (Women)"]
[Site "Pula"]
[Date "1989.??.??"]
[Round "?"]
[White "Vukovic, Angelina"]
[Black "Tomasevic, Tanja"]
[Result "1-0"]
[WhiteElo "2125"]
[BlackElo "2155"]
[PlyCount "85"]
[EventDate "1989.??.??"]
[EventType "team"]
[EventRounds "5"]
[EventCountry "YUG"]
[SourceTitle "EXT 1997"]
[Source "ChessBase"]
[SourceDate "1996.11.15"]
[SourceVersion "1"]
[SourceVersionDate "1996.11.15"]
[SourceQuality "1"]

1. d4 Nf6 2. Nf3 g6 3. Nc3 d5 4. Bf4 Bg7 5. Qd2 0-0 6. Bh6 Nc6 7. Bxg7 Kxg7 8. e3 Bf5 9. Nh4 Bd7 10. f4 a6 11. a4 a5 12. h3 Nb4 13. Nf3 Nh5 14. Kf2 Nf6 15. Bd3 c5 16. Ne5 Qb6 17. Nxd7 Nxd7 18. Bb5 Nf6 19. Rhf1 Rac8 20. Kg1 cxd4 21. exd4 Ne4 22. Nxe4 Rxc2 23. Qe3 dxe4 24. Qxe4 Rxb2 25. Rac1 Rd2 26. Qxe7 Rxd4 27. Kh1 Nd3 28. Bxd3 Rxd3 29. Rc7 Rd2 30. Rxb7 Qc6 31. Rg1 Rd3 32. Kh2 Qxa4 33. Qe5+ Kg8 34. Ra7 Ra3 35. f5 g5 36. f6 h6 37. Re1 Qc6 38. Re4 Ra2 39. Rc7 Qb6 40. Rg4 Rf2 41. Rxg5+ Kh8 42. Rxf7 Qd8 43. Rxf8+ 1-0